Countries by Most Popular Sport - 60 Seconds - Statistics

General Stats
  • This quiz has been taken 338 times
  • The average score is 170 of 183
Answers on the Map
Answers color-coded by a green-red scale on the quiz's map according to % correct below.
 
Answer Stats
Country % Correct
Soccer Albania
99%
Soccer Algeria
99%
Soccer Andorra
99%
Soccer Angola
99%
Soccer Argentina
99%
Soccer Armenia
99%
Soccer Azerbaijan
99%
Soccer Bahrain
99%
Soccer Belarus
99%
Soccer Belgium
99%
Soccer Belize
99%
Soccer Benin
99%
Soccer Bolivia
99%
Soccer Bosnia and Herzegovina
99%
Soccer Botswana
99%
Soccer Brazil
99%
Soccer Brunei
99%
Soccer Bulgaria
99%
Soccer Burkina Faso
99%
Soccer Burundi
99%
Soccer Cameroon
99%
Soccer Cape Verde
99%
Soccer Central African Republic
99%
Soccer Chad
99%
Soccer Chile
99%
Soccer Colombia
99%
Soccer Costa Rica
99%
Soccer Croatia
99%
Soccer Cyprus
99%
Soccer Czech Republic
99%
Soccer Democratic Republic of the Congo
99%
Soccer Denmark
99%
Soccer Djibouti
99%
Soccer Ecuador
99%
Soccer Egypt
99%
Soccer El Salvador
99%
Soccer Equatorial Guinea
99%
Soccer Eritrea
99%
Soccer Eswatini
99%
Soccer Ethiopia
99%
Soccer France
99%
Soccer Gabon
99%
Soccer Gambia
99%
Soccer Georgia
99%
Soccer Germany
99%
Soccer Ghana
99%
Soccer Greece
99%
Soccer Guatemala
99%
Soccer Guinea
99%
Soccer Guinea-Bissau
99%
Soccer Haiti
99%
Soccer Honduras
99%
Soccer Hungary
99%
Soccer Iceland
99%
Soccer Indonesia
99%
Soccer Iran
99%
Soccer Iraq
99%
Soccer Ireland
99%
Soccer Israel
99%
Soccer Italy
99%
Soccer Ivory Coast
99%
Soccer Jordan
99%
Soccer Kazakhstan
99%
Soccer Kenya
99%
Australian Rules Soccer Kiribati
99%
Soccer Kosovo
99%
Soccer Kuwait
99%
Soccer Kyrgyzstan
99%
Soccer Lebanon
99%
Soccer Lesotho
99%
Soccer Liberia
99%
Soccer Libya
99%
Soccer Liechtenstein
99%
Soccer Luxembourg
99%
Soccer Madagascar
99%
Soccer Malawi
99%
Soccer Malaysia
99%
Soccer Mali
99%
Soccer Malta
99%
Soccer Mauritania
99%
Soccer Mauritius
99%
Soccer Mexico
99%
Soccer Moldova
99%
Soccer Monaco
99%
Soccer Morocco
99%
Soccer Mozambique
99%
Soccer Myanmar
99%
Soccer Namibia
99%
Soccer Netherlands
99%
Soccer Niger
99%
Soccer Nigeria
99%
Soccer North Korea
99%
Soccer North Macedonia
99%
Soccer Norway
99%
Soccer Oman
99%
Soccer Panama
99%
Soccer Paraguay
99%
Soccer Peru
99%
Soccer Poland
99%
Soccer Portugal
99%
Soccer Qatar
99%
Soccer Republic of the Congo
99%
Soccer Romania
99%
Soccer Russia
99%
Soccer Rwanda
99%
Soccer San Marino
99%
Soccer São Tomé and Príncipe
99%
Soccer Saudi Arabia
99%
Soccer Senegal
99%
Soccer Serbia
99%
Soccer Seychelles
99%
Soccer Sierra Leone
99%
Soccer Slovakia
99%
Soccer Slovenia
99%
Soccer Somalia
99%
Soccer South Africa
99%
Soccer South Korea
99%
Soccer Spain
99%
Soccer Sudan
99%
Soccer Suriname
99%
Soccer Sweden
99%
Soccer Switzerland
99%
Soccer Syria
99%
Soccer Tajikistan
99%
Soccer Tanzania
99%
Soccer Thailand
99%
Soccer Togo
99%
Soccer Tunisia
99%
Soccer Turkey
99%
Soccer Turkmenistan
99%
Soccer Uganda
99%
Soccer Ukraine
99%
Soccer United Kingdom
99%
Soccer Uruguay
99%
Soccer Uzbekistan
99%
Soccer Vanuatu
99%
Soccer Vietnam
99%
Soccer Yemen
99%
Soccer Zambia
99%
Soccer Zimbabwe
99%
American Football United States
97%
Ice Hockey Canada
90%
Ice Hockey Finland
90%
Cricket Afghanistan
87%
Cricket Antigua and Barbuda
87%
Cricket Australia
87%
Cricket Bahamas
87%
Cricket Bangladesh
87%
Cricket Barbados
87%
Cricket Dominica
87%
Cricket Grenada
87%
Cricket Guyana
87%
Cricket India
87%
Cricket Jamaica
87%
Cricket Nepal
87%
Cricket Pakistan
87%
Cricket Saint Kitts and Nevis
87%
Cricket Saint Lucia
87%
Cricket Saint Vincent and the Grenadines
87%
Cricket Sri Lanka
87%
Cricket Trinidad and Tobago
87%
Cricket United Arab Emirates
87%
Basketball Latvia
77%
Basketball Lithuania
77%
Basketball Philippines
77%
Baseball Cuba
75%
Baseball Dominican Republic
75%
Baseball Japan
75%
Baseball Nicaragua
75%
Baseball Taiwan
75%
Baseball Venezuela
75%
Rugby Fiji
61%
Rugby New Zealand
61%
Rugby Papua New Guinea
61%
Rugby Samoa
61%
Rugby Tonga
61%
Table Tennis China
48%
Skiing Austria
28%
Skiing Estonia
28%
Wrestling Mongolia
28%
Archery Bhutan
19%
Kickboxing Cambodia
3%
Kickboxing Laos
3%
No matching quizzes found
Score Distribution
Percent of People with Each Score
Percentile by Number Answered
Your Score History
You have not taken this quiz